000 00273nam a2200109Ia 4500
008 200302s9999 xx 000 0 und d
100 _aJohn Chen
245 _aArchitecture in Pen and Ink
260 _bMcgraw-hill International Book Co.,
260 _c1995
300 _a197 P.,
999 _c1197
_d1197